Безотходное производство в гидролизной промышленности

Bibliografiske detaljer
Andre forfattere: Евилевич А. З. (автор), Ахмина Е. И., Раскин М. Н.
Summary:Авт. указаны на обороте тит. л.
Sprog:russisk
Udgivet: Москва, Лесная промышленность, 1982
Fag:
Format: Bog
KOHA link:https://koha.lib.tpu.ru/cgi-bin/koha/opac-detail.pl?biblionumber=100920

MARC

LEADER 00000nam0a2200000 4500
001 100920
005 20231031112320.0
020 |a RU  |b 83-1563 
035 |a (RuTPU)RU\TPU\book\108627 
090 |a 100920 
100 |a 20060829d1982 m a0rusy5003 ca 
101 0 |a rus 
102 |a RU 
105 |a a z 001zy 
200 1 |a Безотходное производство в гидролизной промышленности  |f Евилевич А. З., Ахмина Е. И., Раскин М. Н. и др. 
210 |a Москва  |c Лесная промышленность  |d 1982 
215 |a 182 с.  |c ил.  |d 22 см 
300 |a Авт. указаны на обороте тит. л. 
610 1 |a гидролизное производство 
610 1 |a отходы 
610 1 |a использование 
675 |a 634.0.8  |z rus 
702 1 |a Евилевич  |b А. З.  |4 070 
702 1 |a Ахмина  |b Е. И.  |4 070 
702 1 |a Раскин  |b М. Н.  |4 070 
801 0 |a RU  |b RuMRKP  |c 19950704  |g psbo 
801 1 |a RU  |b 63413507  |c 20060829  |g PSBO 
801 2 |a RU  |b 63413507  |c 20070305  |g PSBO 
942 |c BK